000 01769cam a22004337a 4500
003 CHAP
005 20220329142741.0
008 010920s2001 mx r 00010 spa d
010 _a87245
011 _a88217
035 _a98762
040 _cCHAP
090 _aTesis
100 0 0 _aLozano Jiménez, Israel.
_968777
245 1 0 _aEvaluación de sobrevivencia en una plantación forestal con fines de conservación a los 150 días de establecida en el parque estatal "Sierra de Tepotzotlán", en el municipio de Tepotzotlán, Estado de México
_c/por Israel Lozano Jiménez
260 _aChapingo, Méx. :
_bEl autor,
_c2003.
300 _a78 h. :
_bilus.
502 _aTesis (Ing. en Planeación y Manejo de los Recursos Naturales Renovables) -- UACH. Departamento de Suelos
530 _aTambién disponible en línea
590 _aALEPH
_b10
_c20130110
_lUCH01
_h1453
590 _aBATCH-UPD
_b10
_c20130110
_lUCH01
_h0145
590 _aBATCH-UPD
_b10
_c20130110
_lUCH01
_h1609
590 _aBATCH-UPD
_b10
_c20130410
_lUCH01
_h1005
590 _aBATCH-UPD
_b10
_c20130914
_lUCH01
_h1914
590 _aBATCH-UPD
_b10
_c20140324
_lUCH01
_h1438
590 _aBATCH-UPD
_b10
_c20141002
_lUCH01
_h0818
590 _aCONVERSION
_b10
_c20130109
_lUCH01
_h1348
650 1 4 _aPinus cembroides.
_988325
650 1 4 _aPinus greggii.
_988338
650 1 4 _aPlantación de árboles.
_988782
650 1 4 _aRecursos forestales
_xConservación.
_995044
650 1 4 _aReforestación
_xMéxico (Edo.)
_995500
856 _3Finding aid
_uhttp://10.13.5.2/tesis/98762.pdf
_zTeclea aqui
901 _aBK
905 _aAlejandra Carrasco M.
942 _cFOLL
949 _aTesis
_bBC
_cTES
_d33724000894648
_eTS2
_fc.2
_h40939
_i98762
_si
949 _aTesis
_bBC
_cTES
_d987621
_eTS1
_h40938
_i98762
_sb
999 _c87245
_d87245